000 00365nam a2200157Ia 4500
003 Ost
005 20260225132546.0
008 260225s9999||||xx |||||||||||||| ||und||
040 _cfsic
041 _afre
082 _a440
100 _aHarry Saker
_eAuteur
245 4 _aThe south Africa flag controversy 1925-1928 /
245 0 _cHarry Saker
942 _cكتاب
999 _c33833
_d33833